Empresas industriales: manual de organización y dirección
Saved in:
| Hovedforfatter: | |
|---|---|
| Format: | Bog |
| Sprog: | spansk |
| Udgivet: |
Buenos Aires
Selección Contable
1959
|
| Fag: | |
| Tags: |
Tilføj Tag
Ingen Tags, Vær først til at tagge denne postø!
|
MARC
| LEADER | 00000nam a2200000 a 4500 | ||
|---|---|---|---|
| 001 | UCU6724 | ||
| 003 | CL-VaPUC | ||
| 008 | 960621e19590000AG |||||||||||||||||spa|d | ||
| 082 | 0 | 4 | |a 658.402 |b OWE |2 21 |
| 100 | |a Owens, Richard N. |e autor |9 365068 | ||
| 245 | 1 | 0 | |a Empresas industriales: manual de organización y dirección |
| 300 | |a 765 p | ||
| 942 | |c BK | ||
| 945 | |d 19960621 00:00:00 |a paguirre | ||
| 260 | |a Buenos Aires |b Selección Contable |c 1959 | ||
| 650 | 0 | |a Administración |9 259325 | |
| 650 | 0 | |a Gestión |9 260993 | |
| 650 | 0 | |a Administración de empresas |9 260833 | |
| 650 | 0 | |a Recursos humanos |9 228420 | |
| 650 | 7 | |a MANO DE OBRA |2 CL-VaPUC |9 315053 | |
| 650 | 0 | |a Producción |9 263680 | |
| 650 | 7 | |a PERSONAL |2 CL-VaPUC |9 343747 | |
| 650 | 0 | |a Condiciones de trabajo |9 359118 | |
| 650 | 0 | |a Seguridad en el trabajo |9 339687 | |
| 583 | |a last modification |c 19960621 00:00:00 |k Rodrigo Vera | ||
| 999 | |c 249547 |d 249545 | ||
| 952 | |0 0 |1 0 |4 0 |6 658_402000000000000_OWE_1959 |7 0 |8 A |9 266840 |a BIBING |b BIBING |d 2019-11-19 |i 1690248 |o 658.402 OWE 1959 |p 1690248 |r 2025-01-20 |w 2019-11-19 |y BK |k EII | ||
| 952 | |0 0 |1 0 |4 0 |6 658_402000000000000_OWE_1959 |7 0 |8 A |9 266841 |a BIBING |b BIBING |d 2019-11-19 |i 1690299 |o 658.402 OWE 1959 |p 1690299 |r 2025-01-20 |w 2019-11-19 |y BK |k EII | ||